| 000 | 00345 a2200157 4500 | ||
|---|---|---|---|
| 001 | 187654 | ||
| 020 | _a85-305-0219-1 | ||
| 040 | _cMagnum | ||
| 100 | _aGaldino, Luiz | ||
| 240 | 1 | 0 |
_aOs cavaleiros do Graal _lpor |
| 245 | 1 | 0 | _aOs cavaleiros do Graal |
| 300 | _a128 | ||
| 362 | 0 | _a2000 | |
| 697 | _aLITERATURA INFANTO-JUVENIL | ||
| 942 | _cBK | ||
| 999 |
_c187654 _d187654 |
||